[Event "FIDE Women World-chT-KO 2021"]
[Site "Sitges"]
[Date "2021.09.30"]
[Round "1.2"]
[White "Batsiashvili, Nino"]
[Black "Mammadova, Gulnar"]
[Result "1/2-1/2"]
[WhiteElo "2486"]
[BlackElo "2395"]
[Annotator "TA"]
[PlyCount "121"]
[EventDate "2021.09.30"]
[EventType "team-tourn"]
[EventCountry "ESP"]
[SourceTitle "playchess.com"]
[Source "ChessBase"]
[SourceQuality "1"]
[WhiteTeam "Georgia"]
[BlackTeam "Azerbaijan"]
[WhiteTeamCountry "GEO"]
[BlackTeamCountry "AZE"]

{[%evp 14,121,18,24,44,32,45,41,44,31,43,25,33,11,32,30,17,0,6,6,35,17,18,12,
23,11,7,19,21,16,10,0,7,6,21,17,26,9,51,60,69,3,29,30,60,37,42,38,97,52,101,10,
10,10,10,10,10,0,0,0,0,0,0,0,7,0,0,0,10,0,0,0,0,0,0,0,0,0,442,404,593,610,637,
626,725,662,710,679,564,79,79,79,79,79,88,0,0,0,1649,1523,1288,1124,1198,393,
1080,984,714,0,493,0]} 1. d4 d6 2. c4 e5 3. Nc3 exd4 4. Qxd4 Nc6 5. Qd2 Nf6 6.
b3 Be6 7. e4 a5 8. Bd3 Nb4 {A21: English Opening: 1...e5 2 Nc3.} 9. Bb2 {[#]}
Nxd3+ $146 ({Predecessor:} 9... g6 10. Rd1 Ng4 11. Nf3 Bh6 12. Qe2 O-O 13. O-O
Re8 14. Bb1 Nf6 15. Nd4 Bd7 16. f3 {1-0 (40) Dreev,A (2628)-Gareyev,T (2590)
Las Vegas 2015}) 10. Qxd3 g6 {White is slightly better.} 11. Nge2 Bg7 12. Nf4
O-O 13. O-O Nd7 14. Qc2 Ne5 {[#] ...Nf3+! is the strong threat.} 15. Ncd5 c6
16. Ne3 Qh4 17. Nxe6 fxe6 18. Rad1 Rad8 19. Bxe5 Bxe5 {[%csl Ge5][%cal Rh4h2] 
[#]} 20. g3 Qh3 21. Qe2 c5 22. f4 (22. Rd3 {feels hotter.} Bd4 23. Kh1 a4 24.
bxa4 Ra8 25. Ra3) 22... Bd4 23. Kh1 Rd7 24. Rf3 Rdf7 25. Rdf1 Qh6 26. Nc2 e5 {
[%cal Re5f4]} 27. Qd2 ({White should play} 27. f5 $14) 27... b6 28. Kg2 Qh5 29.
h3 Qh6 30. Qd3 Re7 (30... Kh8 $14) 31. Ne3 (31. f5 {looks sharper.} gxf5 32.
Rxf5 Rxf5 33. exf5 e4 34. Qe2) 31... Bxe3 32. Qxe3 (32. Qd5+ $16 Kh8 33. Qxd6 {
[%mdl 64] Double Attack}) 32... exf4 $1 $11 33. Rxf4 Rxf4 34. gxf4 $14 {
[%mdl 4096] Endgame KQR-KQR} Qg7 35. Qd3 Qf6 36. Qd5+ Kg7 37. Rf2 h5 38. Qd3
Rf7 39. Qd5 Kh7 (39... h4 {is interesting.} 40. Qd2 a4 41. bxa4 Qe6 42. Qd3 Re7
) 40. Qd3 Kg7 41. Qd5 h4 42. Qd3 g5 43. f5 Qe5 44. Qf3 Kf6 45. Re2 g4 $2 {
[%mdl 8192]} (45... Ra7 $11 {and Black has nothing to worry.}) 46. hxg4 $18 ({
Wrong is} 46. Qxg4 $2 Rg7 $19) 46... Rh7 (46... Rg7 {was necessary.} 47. Kh3
Kf7) 47. Kh3 Rg7 48. Rg2 Rg5 49. Qe3 Qa1 50. Kxh4 Qh1+ 51. Kg3 $2 (51. Qh3 $18
{and the rest is easy.} Qxh3+ 52. Kxh3) 51... Rxg4+ $16 52. Kxg4 {Threatens to
win with e5+!} Qxg2+ {KQ-KQ} 53. Kf4 {Strongly threatening e5+.} Qh2+ 54. Kg4 (
54. Qg3 $16 Qd2+ 55. Kg4) 54... Qg2+ $11 55. Kf4 {And now e5+ would win.} Qxa2
$2 {[%mdl 8192]} (55... Qh2+ $11 56. Qg3 Qd2+ 57. Kg4 Kf7) 56. e5+ $18 dxe5+
57. Qxe5+ Kf7 58. Qe6+ $2 (58. Qd5+ Kf8 59. Qd6+ Kf7 60. Qg6+ (60. Qxb6 Qf2+
61. Kg5 Qe3+ 62. Kg4 Qe2+ 63. Kh4 Qf2+ 64. Kg5 Qe3+ 65. Kh5 Qf3+ 66. Kh4 Qf4+
67. Kh3 Qe3+ 68. Kg4 Qe2+ 69. Kh3 Qd3+ 70. Kh2 Qe2+ 71. Kg3 Qd3+ 72. Kh4 Qe4+
73. Kg5 Qe3+ $11) 60... Ke7 61. Qe6+ (61. Qxb6 Qf2+ 62. Ke4 Qd4+ 63. Kf3 Qd3+
64. Kg2 Qd2+ 65. Kh1 Qd1+ 66. Kh2 Qd2+ 67. Kh3 Qe3+ 68. Kh4 Qf4+ 69. Kh3 Qxf5+
70. Kg3 Qg5+ 71. Kf3 Qf5+ 72. Kg3 Qg5+ 73. Kf3 Qf5+ 74. Ke3 Qe5+ 75. Kf3 Qf5+
$11) 61... Kf8 62. Qxb6) 58... Kf8 59. Qf6+ Ke8 60. Qe6+ Kf8 61. Qf6+ $2 {
Weighted Error Value: White=0.40/Black=0.28} ({Better is} 61. Qxb6 $18 Qf2+ 62.
Ke5 Qd4+ 63. Ke6 Qe3+ 64. Kd7 Qe7+ 65. Kc6) 1/2-1/2

[Event "FIDE Women World-chT-KO 2021"]
[Site "Sitges"]
[Date "2021.09.30"]
[Round "1.2"]
[White "Javakhishvili, Lela"]
[Black "Mamedjarova, Zeinab"]
[Result "1-0"]
[WhiteElo "2465"]
[BlackElo "2198"]
[Annotator "ChessBase"]
[PlyCount "61"]
[EventDate "2021.09.30"]
[EventType "team-tourn"]
[EventCountry "ESP"]
[SourceTitle "playchess.com"]
[Source "ChessBase"]
[SourceQuality "1"]
[WhiteTeam "Georgia"]
[WhiteTeamCountry "GEO"]
[TimeControl "2700+10"]

1. d4 {[%emt 0:00:02]} e6 {[%emt 0:00:04]} 2. c4 {[%emt 0:01:14]} f5 {[%emt 0:
00:05]} 3. Nc3 {[%emt 0:00:02]} Nf6 {[%emt 0:00:02]} 4. e3 {[%emt 0:00:14]} Be7
{[%emt 0:00:09]} 5. Bd3 {[%emt 0:00:05]} O-O {[%emt 0:00:05]} 6. Nf3 {[%emt 0:
00:17]} b6 {[%emt 0:00:01]} 7. e4 {[%emt 0:01:43]} fxe4 {[%emt 0:02:03]} 8.
Nxe4 {[%emt 0:00:02]} Bb7 {[%emt 0:00:32]} 9. Nc3 {[%emt 0:02:02]} Qe8 {
[%emt 0:03:13]} 10. O-O {[%emt 0:00:16]} Nc6 {[%emt 0:01:13]} 11. a3 {[%emt 0:
01:13]} a5 {[%emt 0:01:15]} 12. Re1 {[%emt 0:01:53]} Qh5 {[%emt 0:01:47]} 13.
Ne2 {[%emt 0:01:58]} Bd6 {[%emt 0:08:29]} 14. Nf4 {[%emt 0:00:34]} Bxf4 {
[%emt 0:02:04]} 15. Bxf4 {[%emt 0:00:03]} Ne8 {[%emt 0:00:16]} 16. Bg3 {
[%emt 0:02:44]} a4 {[%emt 0:01:53]} 17. d5 {[%emt 0:01:07]} Na5 {[%emt 0:03:58]
} 18. Re5 {[%emt 0:01:32]} Qh6 {[%emt 0:00:57]} 19. Nd4 {[%emt 0:00:47]} g6 {
[%emt 0:06:40]} 20. dxe6 {[%emt 0:00:54]} dxe6 {[%emt 0:00:10]} 21. Nxe6 {
[%emt 0:01:48]} Rf6 {[%emt 0:00:55]} 22. Qg4 {[%emt 0:03:27]} Qd2 {[%emt 0:01:
44]} 23. Re3 {[%emt 0:03:50]} Qxb2 {[%emt 0:01:53]} 24. Rae1 {[%emt 0:00:05]}
Bc8 {[%emt 0:06:12]} 25. Qe4 {[%emt 0:00:46]} Rb8 {[%emt 0:02:12]} 26. Ng5 {
[%emt 0:01:27]} Bb7 {[%emt 0:00:59]} 27. Qh4 {[%emt 0:00:34]} h5 {[%emt 0:00:
36]} 28. Rxe8+ {[%emt 0:00:50]} Rxe8 {[%emt 0:00:01]} 29. Rxe8+ {[%emt 0:00:02]
} Kg7 {[%emt 0:00:15]} 30. Be5 {[%emt 0:01:12]} Qc1+ {[%emt 0:00:12]} 31. Bf1 {
[%emt 0:00:01]} 1-0

[Event "FIDE Women World-chT-KO 2021"]
[Site "Sitges"]
[Date "2021.09.30"]
[Round "1.2"]
[White "Mammadzada, Gunay"]
[Black "Dzagnidze, Nana"]
[Result "1/2-1/2"]
[WhiteElo "2459"]
[BlackElo "2525"]
[Annotator "TA"]
[PlyCount "91"]
[EventDate "2021.09.30"]
[EventType "team-tourn"]
[EventCountry "ESP"]
[SourceTitle "playchess.com"]
[Source "ChessBase"]
[SourceQuality "1"]
[WhiteTeam "Azerbaijan"]
[BlackTeam "Georgia"]
[WhiteTeamCountry "AZE"]
[BlackTeamCountry "GEO"]

{[%evp 20,91,12,23,20,22,26,19,23,27,27,27,18,17,23,24,31,8,41,23,44,33,40,29,
37,17,16,22,20,18,17,0,0,0,0,-11,-14,-14,-14,-13,-6,-6,-11,-11,-8,-14,-22,-22,
-12,-41,0,0,0,0,0,0,0,0,0,0,0,0,0,0,0,0,0,0,0,0,0,0,0,0]} 1. e4 c6 2. d4 d5 3.
Nc3 dxe4 4. Nxe4 Bf5 5. Ng3 Bg6 6. h4 h6 7. Nf3 Nd7 8. Bd3 Bxd3 9. Qxd3 e6 $1 {
The main line 9...e6 scores better than 9...Ngf6.} 10. Bf4 Ngf6 11. O-O-O Be7 {
B19: Classical Caro-Kann: 4...Bf5 main line.} 12. Kb1 O-O 13. Ne4 Nxe4 14. Qxe4
Nf6 15. Qe2 Qd5 16. Ne5 Qe4 17. Qxe4 Nxe4 18. Rde1 {[#]} Nd6 $146 ({But not} 
18... Nxf2 19. Rhf1 $18) ({Predecessor:} 18... Nf6 19. g4 Nd5 20. Bc1 Rad8 21.
g5 hxg5 22. hxg5 Bd6 23. Rh3 Bxe5 24. dxe5 Ne7 {1/2-1/2 (60) Mkrtchian,L (2388)
-Maly,A (2371) Chess.com INT 2021}) 19. g4 Rfd8 20. c3 Rac8 21. g5 Nf5 22. g6
fxg6 23. Nxg6 Bf6 24. h5 ({Much worse is} 24. Rxe6 Kf7 $17) 24... Kf7 25. Re2
c5 26. dxc5 Rxc5 27. Rhe1 (27. Rg1 {looks sharper.} Rcd5 28. Kc2 Rc8 29. Kb1
Rcd8) 27... Nh4 28. Nxh4 ({Don't play} 28. Rxe6 Nf3 $17) 28... Bxh4 29. Be5 Bf6
30. Bxf6 gxf6 31. Rxe6 $11 {[%mdl 4096] [#] Endgame And now Re7+ would win.
KRR-KRR} Rd7 32. Re8 Rxh5 33. Rh8 {Threatens to win with Rh7+.} Kg6 34. Kc2 Rf5
(34... Rh2 {is more complex.} 35. Rg1+ Kf5 36. b4 h5 37. Kb3 h4) 35. Rg1+ {
The position is equal.} Rg5 36. Rh1 Rh7 37. Rxh7 Kxh7 {KR-KR} 38. Kd3 Kg6 39.
Ke4 h5 40. b3 Re5+ 41. Kf3 Rd5 42. Ke3 Re5+ 43. Kf3 Rf5+ 44. Ke3 Re5+ 45. Kf3
Rf5+ 46. Ke3 {Weighted Error Value: White=0.03/Black=0.03} 1/2-1/2

[Event "FIDE Women World-chT-KO 2021"]
[Site "Sitges"]
[Date "2021.09.30"]
[Round "1.2"]
[White "Buksa, Nataliya"]
[Black "Ghukasyan, Siranush"]
[Result "1-0"]
[WhiteElo "2417"]
[BlackElo "2168"]
[Annotator "ChessBase"]
[PlyCount "99"]
[EventDate "2021.09.30"]
[EventType "team-tourn"]
[EventCountry "ESP"]
[SourceTitle "playchess.com"]
[Source "ChessBase"]
[SourceQuality "1"]
[WhiteTeam "Ukraine"]
[BlackTeam "Armenia"]
[WhiteTeamCountry "UKR"]
[BlackTeamCountry "ARM"]
[TimeControl "2700+10"]

1. e4 {[%emt 0:00:01]} e5 {[%emt 0:00:01]} 2. Nf3 {[%emt 0:00:01]} Nc6 {
[%emt 0:00:01]} 3. Bb5 {[%emt 0:00:01]} a6 {[%emt 0:00:01]} 4. Ba4 {[%emt 0:00:
01]} Nf6 {[%emt 0:00:01]} 5. O-O {[%emt 0:00:01]} Be7 {[%emt 0:00:03]} 6. Re1 {
[%emt 0:00:02]} b5 {[%emt 0:00:01]} 7. Bb3 {[%emt 0:00:01]} d6 {[%emt 0:00:02]}
8. c3 {[%emt 0:00:02]} O-O {[%emt 0:00:03]} 9. h3 {[%emt 0:00:02]} Nb8 {
[%emt 0:00:09]} 10. d4 {[%emt 0:00:16]} Nbd7 {[%emt 0:00:03]} 11. Nbd2 {
[%emt 0:00:03]} Bb7 {[%emt 0:00:02]} 12. Bc2 {[%emt 0:00:02]} Re8 {[%emt 0:00:
04]} 13. Nf1 {[%emt 0:00:02]} Bf8 {[%emt 0:00:01]} 14. Ng3 {[%emt 0:00:01]} g6
{[%emt 0:00:02]} 15. b3 {[%emt 0:00:01]} Bg7 {[%emt 0:00:12]} 16. d5 {[%emt 0:
00:08]} Nb6 {[%emt 0:02:25]} 17. Rb1 {[%emt 0:00:03]} c5 {[%emt 0:00:43]} 18.
c4 {[%emt 0:01:22]} b4 {[%emt 0:01:12]} 19. Bg5 {[%emt 0:00:55]} h6 {[%emt 0:
00:08]} 20. Be3 {[%emt 0:00:19]} a5 {[%emt 0:00:25]} 21. Nh2 {[%emt 0:06:31]}
Qe7 {[%emt 0:07:36]} 22. Rf1 {[%emt 0:07:36]} Nbd7 23. f3 {[%emt 0:05:43]} Kh7
{[%emt 0:06:57]} 24. Qd2 {[%emt 0:00:06]} Ng8 {[%emt 0:01:36]} 25. Rf2 {
[%emt 0:03:16]} Rf8 {[%emt 0:04:12]} 26. Rbf1 {[%emt 0:00:40]} Bc8 {[%emt 0:03:
41]} 27. Ne2 {[%emt 0:01:23]} a4 {[%emt 0:01:19]} 28. g3 {[%emt 0:05:07]} axb3
{[%emt 0:00:24]} 29. axb3 {[%emt 0:00:01]} Nb6 {[%emt 0:02:42]} 30. Kg2 {
[%emt 0:00:25]} f5 {[%emt 0:05:49]} 31. f4 {[%emt 0:02:21]} fxe4 {[%emt 0:03:
03]} 32. Bxe4 {[%emt 0:01:15]} exf4 {[%emt 0:01:30]} 33. Rxf4 {[%emt 0:01:22]}
Rxf4 {[%emt 0:00:02]} 34. Bxg6+ {[%emt 0:00:52]} Kh8 {[%emt 0:01:23]} 35. Nxf4
{[%emt 0:00:57]} Bc3 {[%emt 0:00:14]} 36. Qf2 {[%emt 0:00:27]} Nd7 {[%emt 0:00:
53]} 37. Bb1 {[%emt 0:00:08]} Ne5 {[%emt 0:00:13]} 38. Nf3 {[%emt 0:01:02]} Qe8
{[%emt 0:02:19]} 39. Nxe5 {[%emt 0:00:57]} dxe5 {[%emt 0:00:20]} 40. Ng6+ {
[%emt 0:00:37]} Kg7 {[%emt 0:00:01]} 41. Bxc5 {[%emt 0:00:02]} e4 {[%emt 0:00:
13]} 42. Nh4 {[%emt 0:01:35]} Nf6 {[%emt 0:00:16]} 43. Bd4 {[%emt 0:01:11]}
Bxd4 {[%emt 0:00:17]} 44. Qxd4 {[%emt 0:00:02]} Ra6 {[%emt 0:00:24]} 45. c5 {
[%emt 0:00:32]} e3 {[%emt 0:00:53]} 46. d6 {[%emt 0:00:31]} Qe6 {[%emt 0:00:09]
} 47. Nf5+ {[%emt 0:00:29]} Kh8 {[%emt 0:00:20]} 48. Nxe3 {[%emt 0:00:24]}
Qxh3+ {[%emt 0:00:08]} 49. Kg1 {[%emt 0:00:08]} Qxg3+ {[%emt 0:00:05]} 50. Ng2
{[%emt 0:00:01]} 1-0

[Event "FIDE Women World-chT-KO 2021"]
[Site "Sitges"]
[Date "2021.09.30"]
[Round "1.2"]
[White "Vaishali R"]
[Black "Saduakassova, Dinara"]
[Result "1/2-1/2"]
[WhiteElo "2414"]
[BlackElo "2489"]
[Annotator "ChessBase"]
[PlyCount "100"]
[EventDate "2021.09.30"]
[EventType "team-tourn"]
[EventCountry "ESP"]
[SourceTitle "playchess.com"]
[Source "ChessBase"]
[SourceQuality "1"]
[WhiteTeam "India"]
[BlackTeam "Kazakhstan"]
[WhiteTeamCountry "IND"]
[BlackTeamCountry "KAZ"]
[TimeControl "2700+10"]

1. e4 {[%emt 0:00:18]} e5 {[%emt 0:00:01]} 2. Nf3 {[%emt 0:00:03]} Nc6 {
[%emt 0:00:01]} 3. Bb5 {[%emt 0:00:04]} a6 {[%emt 0:00:01]} 4. Ba4 {[%emt 0:00:
03]} Nf6 {[%emt 0:00:01]} 5. d3 {[%emt 0:00:03]} d6 {[%emt 0:00:01]} 6. c4 {
[%emt 0:00:07]} g6 {[%emt 0:00:01]} 7. Nc3 {[%emt 0:00:04]} Bg7 {[%emt 0:00:03]
} 8. Nd5 {[%emt 0:00:05]} h6 {[%emt 0:00:02]} 9. Nb4 {[%emt 0:00:17]} Bd7 {
[%emt 0:00:01]} 10. Nxc6 {[%emt 0:00:04]} bxc6 {[%emt 0:00:01]} 11. c5 {
[%emt 0:00:07]} O-O {[%emt 0:00:24]} 12. O-O {[%emt 0:00:16]} Qe7 {[%emt 0:00:
01]} 13. Re1 {[%emt 0:04:46]} Rfd8 {[%emt 0:01:32]} 14. Qc2 {[%emt 0:04:52]}
Rab8 {[%emt 0:03:33]} 15. Be3 {[%emt 0:06:34]} Nh5 {[%emt 0:09:26]} 16. Rab1 {
[%emt 0:05:52]} f5 {[%emt 0:04:14]} 17. exf5 {[%emt 0:06:25]} gxf5 {[%emt 0:02:
59]} 18. cxd6 {[%emt 0:01:03]} cxd6 {[%emt 0:00:55]} 19. Bxc6 {[%emt 0:00:17]}
Rdc8 {[%emt 0:04:09]} 20. Bd5+ {[%emt 0:00:07]} Kh7 {[%emt 0:00:01]} 21. Qe2 {
[%emt 0:07:13]} Nf6 {[%emt 0:00:30]} 22. Bc4 {[%emt 0:00:03]} Bb5 {[%emt 0:01:
04]} 23. Nh4 {[%emt 0:02:26]} Qd7 {[%emt 0:00:27]} 24. f4 {[%emt 0:02:46]} Ng4
{[%emt 0:01:37]} 25. Bxb5 {[%emt 0:00:24]} Rxb5 {[%emt 0:00:33]} 26. h3 {
[%emt 0:00:19]} Nxe3 {[%emt 0:00:54]} 27. Qxe3 {[%emt 0:00:01]} Rc2 {[%emt 0:
01:58]} 28. Rf1 {[%emt 0:01:00]} Bf6 {[%emt 0:01:40]} 29. Qg3 {[%emt 0:00:42]}
Bxh4 {[%emt 0:05:51]} 30. Qxh4 {[%emt 0:00:01]} Rbxb2 {[%emt 0:00:48]} 31. Rxb2
{[%emt 0:00:03]} Rxb2 32. fxe5 {[%emt 0:00:49]} Qg7 {[%emt 0:01:15]} 33. Rf2 {
[%emt 0:00:18]} Rb1+ {[%emt 0:00:39]} 34. Kh2 {[%emt 0:00:41]} Qxe5+ {[%emt 0:
00:15]} 35. Qf4 {[%emt 0:00:15]} Kg6 {[%emt 0:00:14]} 36. g4 {[%emt 0:01:25]}
fxg4 {[%emt 0:01:08]} 37. hxg4 {[%emt 0:00:12]} Rd1 {[%emt 0:00:19]} 38. Qxe5 {
[%emt 0:00:25]} dxe5 {[%emt 0:00:02]} 39. Rf5 {[%emt 0:00:13]} Rd2+ {[%emt 0:
00:37]} 40. Kg1 {[%emt 0:00:01]} Rxa2 {[%emt 0:01:29]} 41. Rxe5 {[%emt 0:00:03]
} a5 {[%emt 0:00:01]} 42. d4 {[%emt 0:00:12]} a4 {[%emt 0:00:01]} 43. Ra5 {
[%emt 0:00:34]} a3 {[%emt 0:00:18]} 44. Kf1 {[%emt 0:00:07]} Kf6 {[%emt 0:00:
12]} 45. Ke1 {[%emt 0:00:22]} Ke6 {[%emt 0:00:26]} 46. Kd1 {[%emt 0:00:04]} Kd6
{[%emt 0:00:09]} 47. Kc1 {[%emt 0:00:04]} Rg2 {[%emt 0:00:06]} 48. Rxa3 {
[%emt 0:00:06]} Kd5 {[%emt 0:00:04]} 49. Rh3 {[%emt 0:00:04]} Rxg4 {[%emt 0:00:
03]} 50. Rxh6 {[%emt 0:00:01]} Kxd4 {[%emt 0:00:02]} 1/2-1/2

[Event "FIDE Women World-chT-KO 2021"]
[Site "Sitges"]
[Date "2021.09.30"]
[Round "1.2"]
[White "Sargsyan, Anna M."]
[Black "Osmak, Iulija"]
[Result "0-1"]
[WhiteElo "2402"]
[BlackElo "2302"]
[Annotator "ChessBase"]
[PlyCount "122"]
[EventDate "2021.09.30"]
[EventType "team-tourn"]
[EventCountry "ESP"]
[SourceTitle "playchess.com"]
[Source "ChessBase"]
[SourceQuality "1"]
[WhiteTeam "Armenia"]
[WhiteTeamCountry "ARM"]
[TimeControl "2700+10"]

1. d4 {[%emt 0:00:03]} Nf6 {[%emt 0:00:01]} 2. c4 {[%emt 0:00:01]} e6 {[%emt 0:
00:01]} 3. Nf3 {[%emt 0:00:02]} b6 {[%emt 0:00:02]} 4. g3 {[%emt 0:00:03]} Bb7
{[%emt 0:00:01]} 5. Bg2 {[%emt 0:00:01]} Be7 {[%emt 0:00:01]} 6. d5 {[%emt 0:
00:21]} exd5 {[%emt 0:00:54]} 7. Nh4 {[%emt 0:00:03]} c6 {[%emt 0:00:32]} 8.
cxd5 {[%emt 0:00:02]} Nxd5 {[%emt 0:00:12]} 9. Nf5 {[%emt 0:00:02]} O-O {
[%emt 0:01:27]} 10. O-O {[%emt 0:00:04]} Nc7 {[%emt 0:00:25]} 11. e4 {[%emt 0:
00:06]} d5 {[%emt 0:00:10]} 12. Nc3 {[%emt 0:00:14]} Bf6 13. exd5 {[%emt 0:01:
30]} cxd5 {[%emt 0:00:34]} 14. Bf4 {[%emt 0:00:23]} Nba6 {[%emt 0:00:07]} 15.
Rc1 {[%emt 0:03:25]} Qd7 {[%emt 0:04:34]} 16. Nd6 {[%emt 0:02:27]} Bc6 {
[%emt 0:00:25]} 17. Nxd5 {[%emt 0:00:04]} Bxd5 {[%emt 0:00:24]} 18. Bxd5 {
[%emt 0:00:05]} Nxd5 {[%emt 0:00:28]} 19. Qxd5 {[%emt 0:00:02]} Bxb2 {[%emt 0:
00:47]} 20. Rcd1 {[%emt 0:00:08]} Nc5 {[%emt 0:01:37]} 21. Rfe1 {[%emt 0:00:59]
} Bc3 {[%emt 0:03:50]} 22. Re3 {[%emt 0:02:18]} Bf6 {[%emt 0:00:45]} 23. Qh5 {
[%emt 0:00:16]} Rad8 {[%emt 0:00:36]} 24. Ree1 {[%emt 0:02:17]} Qc6 {[%emt 0:
01:21]} 25. Be5 {[%emt 0:02:43]} g6 {[%emt 0:05:18]} 26. Qe2 {[%emt 0:02:38]}
Bxe5 {[%emt 0:00:04]} 27. Qxe5 {[%emt 0:00:04]} Qf3 28. Rf1 {[%emt 0:05:57]} f6
{[%emt 0:02:58]} 29. Qd4 {[%emt 0:00:27]} Rd7 {[%emt 0:01:20]} 30. Qc4+ {
[%emt 0:00:02]} Kg7 {[%emt 0:00:52]} 31. Rd4 {[%emt 0:02:49]} Re7 {[%emt 0:01:
21]} 32. a4 {[%emt 0:00:57]} Qb3 {[%emt 0:01:33]} 33. Qxb3 {[%emt 0:00:01]}
Nxb3 {[%emt 0:00:01]} 34. Rb4 {[%emt 0:00:07]} Nc5 {[%emt 0:01:50]} 35. a5 {
[%emt 0:00:24]} Rd8 {[%emt 0:01:44]} 36. Nb5 {[%emt 0:02:13]} a6 {[%emt 0:01:
20]} 37. Nd4 {[%emt 0:01:12]} Nd3 {[%emt 0:00:47]} 38. Nc6 {[%emt 0:02:03]}
Nxb4 {[%emt 0:00:07]} 39. Nxd8 {[%emt 0:00:02]} bxa5 {[%emt 0:01:38]} 40. Rd1 {
[%emt 0:00:07]} Kf8 {[%emt 0:03:35]} 41. Rd6 {[%emt 0:00:37]} Ke8 {[%emt 0:00:
54]} 42. Nc6 {[%emt 0:00:23]} Nxc6 {[%emt 0:01:03]} 43. Rxc6 {[%emt 0:00:18]}
Ra7 {[%emt 0:01:09]} 44. Rxf6 {[%emt 0:00:03]} Ke7 {[%emt 0:00:05]} 45. Rc6 {
[%emt 0:00:05]} Kd7 {[%emt 0:00:28]} 46. Rc5 {[%emt 0:00:30]} a4 {[%emt 0:00:
19]} 47. Ra5 {[%emt 0:00:01]} Kc6 {[%emt 0:00:06]} 48. Rxa4 {[%emt 0:00:03]}
Kb5 {[%emt 0:00:07]} 49. Ra1 {[%emt 0:00:14]} a5 {[%emt 0:00:03]} 50. Kf1 {
[%emt 0:00:28]} Kc4 {[%emt 0:00:10]} 51. Ke2 {[%emt 0:00:05]} Kc3 {[%emt 0:00:
05]} 52. Ra3+ {[%emt 0:00:34]} Kb2 {[%emt 0:00:13]} 53. Ra4 {[%emt 0:00:18]}
Kb3 {[%emt 0:00:02]} 54. Ra1 {[%emt 0:00:51]} a4 {[%emt 0:00:03]} 55. Rb1+ {
[%emt 0:00:23]} Kc2 {[%emt 0:00:58]} 56. Rb8 {[%emt 0:00:12]} a3 {[%emt 0:00:
25]} 57. Rc8+ {[%emt 0:00:46]} Kb3 {[%emt 0:00:02]} 58. Rb8+ {[%emt 0:00:16]}
Ka4 {[%emt 0:00:11]} 59. Rb1 {[%emt 0:00:21]} a2 {[%emt 0:00:02]} 60. Ra1 {
[%emt 0:00:03]} Kb3 {[%emt 0:00:04]} 61. f4 {[%emt 0:00:04]} Kb2 {[%emt 0:00:
17]} 0-1

[Event "FIDE Women World-chT-KO 2021"]
[Site "Sitges"]
[Date "2021.09.30"]
[Round "1.2"]
[White "Cori T., Deysi"]
[Black "Goryachkina, Aleksandra"]
[Result "0-1"]
[WhiteElo "2382"]
[BlackElo "2608"]
[Annotator "TA"]
[PlyCount "128"]
[EventDate "2021.09.30"]
[EventType "team-tourn"]
[EventCountry "ESP"]
[SourceTitle "playchess.com"]
[Source "ChessBase"]
[SourceQuality "1"]
[WhiteTeam "FIDE Americas"]
[BlackTeam "RUS"]
[WhiteTeamCountry "PER"]
[BlackTeamCountry "RUS"]

{[%evp 11,128,5,20,0,0,0,0,-18,-6,-22,-28,-29,-35,-32,-39,-73,-52,-100,-51,-38,
-49,-90,-91,-79,-93,-89,-102,-76,-100,-98,-85,-102,-86,-86,-73,-78,-72,-97,
-116,-145,-112,-195,-194,-189,-196,-199,-195,-243,-191,-192,-154,-143,-151,
-148,-143,-153,-142,-197,-197,-197,-192,-191,-201,-206,-214,-252,-200,-204,
-199,-231,-208,-264,-266,-264,-254,-268,-251,-262,-247,-248,-247,-267,-258,
-268,-276,-269,-247,-354,-350,-365,-370,-353,0,-296,-293,-340,-260,-272,-270,
-264,-250,-250,-158,-130,-121,-126,-97,-249,-214,-248,-248,-276,-244,-301,-169,
-344,-332,-1018,-1021]} 1. Nf3 d5 2. g3 g6 3. Bg2 Bg7 4. O-O Nf6 5. c4 c6 6.
cxd5 cxd5 7. Qa4+ {A11: English Opening: 1...c6.} Bd7 $5 {[%mdl 4] An
interesting side line.} 8. Qb3 Nc6 9. d3 {The position is equal.} O-O 10. Nc3 {
[#]} d4 $146 ({Predecessor:} 10... Na5 11. Qb4 b6 12. Ne5 Nc6 13. Nxc6 Bxc6 14.
Bg5 h6 15. Bxf6 Bxf6 16. Rac1 Qd7 {0-1 (55) De Oliveira,E (1296)-Kunzler,J 
(1742) Goiania 2019}) 11. Ne4 Nxe4 12. dxe4 Qb6 13. Qa3 Nb4 14. Rb1 Be6 15. Bg5
Rfe8 16. e5 Bxa2 17. Rbd1 Bd5 18. Nxd4 Bxg2 19. Kxg2 Bxe5 20. Nf3 Bg7 21. h4
Nc6 22. b3 h6 23. Be3 Qb5 24. h5 g5 25. Rd2 Rad8 26. Rc2 (26. Rfd1 $17) 26...
g4 $19 27. Nh4 Qxh5 28. Qa4 a6 29. Rh1 Qd5+ 30. Kh2 {intending Rc5.} Nd4 31.
Rd2 {[#] With the idea Bxd4.} Qb5 $1 32. Rhd1 {aiming for Qxb5.} Qxa4 33. bxa4
{[%cal Re3d4]} Nc6 34. Bb6 (34. Nf5 $17) 34... Rxd2 35. Rxd2 e6 36. Ng2 Ne5 {
...Nc4 is the strong threat.} 37. Ne3 Rc8 38. a5 f5 39. Kg2 Kf7 40. Rd1 Bf6 41.
Rb1 Nd7 42. Ba7 Rc7 43. Rb4 Be7 44. Rb2 Bc5 45. Bxc5 Nxc5 {[%mdl 4096] Endgame
KRN-KRN} ({But not} 45... Rxc5 46. Rxb7 Ke8 47. Ra7) 46. Nc4 Ke7 47. Rb4 Ne4
48. Ne5 Nd6 49. Nd3 (49. Rb6 $142) 49... Rc4 50. Rb2 Ra4 51. Rc2 Rc4 52. Rb2
Nb5 53. Ne5 Rc7 54. Rd2 Nc3 55. Ng6+ Kf6 56. Nf4 e5 57. Rd6+ Kf7 58. Nd3 Kg7
59. e3 $2 {White does not recover from this.} (59. Nxe5 $17 {might work better.
} Rc5 60. Rd7+ Kf6 61. Nd3 Rxa5 62. Rxb7) 59... Ne4 60. Rb6 Re7 61. Kf1 h5 62.
Ke2 Nc3+ (62... Rd7 $142 {Threatens to win with ...Nc3+.} 63. Rg6+ Kh7) 63. Ke1
$2 {[#]} (63. Kf1) 63... Rd7 $1 {[%cal Rd7d3]} 64. Kd2 (64. Nb2) 64... Na4 {
Weighted Error Value: White=0.31/Black=0.17} 0-1